Sustainable land use research programme launched (Record no. 73437)
[ view plain ]
| 000 -LEADER | |
|---|---|
| fixed length control field | 01170cam a2200205 4500 |
| 001 - CONTROL NUMBER | |
| control field | WB3936-23 |
| 008 - FIXED-LENGTH DATA ELEMENTS--GENERAL INFORMATION | |
| fixed length control field | 030923n2003 000 0 eng u |
| 035 ## - SYSTEM CONTROL NUMBER | |
| System control number | (Sirsi) u123693 |
| 245 ## - TITLE STATEMENT | |
| Title | Sustainable land use research programme launched |
| 260 ## - PUBLICATION, DISTRIBUTION, ETC. | |
| Date of publication, distribution, etc. | 2003 |
| 490 ## - SERIES STATEMENT | |
| Series statement | Social Sciences |
| Volume/sequential designation | (55) September 2003, 4(1) |
| 520 ## - SUMMARY, ETC. | |
| Summary, etc. | Research councils, Economic and Social Research Council (ESRC), Biotechnology and Biological Sciences Research Council (BBSRC) and Natural Environment Research Council (NERC), have launched a £20m research programme, Rural Economy and Land Use (RELU), to develop future researched-based options for sustainable land use. They aim to create a programme over the next three years that will help to deliver modern, sustainable farming, protect the environment and achieve beneficial social and economic outcomes for people in rural areas. Full information is available on the RELU website http://www.esrc.ac.uk/relu/intro.htm. |
| 590 ## - LOCAL NOTE (RLIN) | |
| Local note | WB |
| 650 ## - SUBJECT ADDED ENTRY--TOPICAL TERM | |
| Topical term or geographic name entry element | SUSTAINABLE LAND USE |
| 650 ## - SUBJECT ADDED ENTRY--TOPICAL TERM | |
| Topical term or geographic name entry element | RURAL ECONOMY |
| 650 ## - SUBJECT ADDED ENTRY--TOPICAL TERM | |
| Topical term or geographic name entry element | RURAL COMMUNITIES |
| 650 ## - SUBJECT ADDED ENTRY--TOPICAL TERM | |
| Topical term or geographic name entry element | SUSTAINABLE FARMING |
| 690 ## - LOCAL SUBJECT ADDED ENTRY--TOPICAL TERM (OCLC, RLIN) | |
| Topical term or geographic name as entry element | RURAL-AGRICULTURE AND FORESTRY |
| 942 ## - ADDED ENTRY ELEMENTS (KOHA) | |
| Suppress in OPAC | 0 |
| Withdrawn status | Lost status | Source of classification or shelving scheme | Damaged status | Not for loan | Home library | Current library | Shelving location | Date acquired | Total Checkouts | Full call number | Barcode | Date last seen | Copy number | Price effective from | Koha item type |
|---|---|---|---|---|---|---|---|---|---|---|---|---|---|---|---|
| Dewey Decimal Classification | London | London | News article | 23/09/2003 | WB3936-23 | 123693-1001 | 06/08/2019 | 1 | 06/08/2019 | News article |